000 00756nam a2200265Ia 4500
005 20260121161403.0
008 008 260114s9999 xx 000 0 eng d
020 _a9781003536796
037 _aEBOOK
040 _aCRL
040 _beng
040 _cCRL
041 _2eng
041 _aeng
084 _qCRL
100 _aOptimization and Computing using Intelligent Data-Driven Approaches for Decision-Making
_91043976
245 0 _aIrfan Ali; Umar Muhammad Modibbo; Asaju La’aro Bolaji; Harish Garg
260 _bTaylor and Francis
260 _c2025
650 _aAlgorithms & Complexity
_91043977
856 _uhttp://www.taylorfrancis.com/books/9781003536796
942 _cEBOOK
999 _c1610394
_d1610394